000 00893nam a2200265 a 4500
001 BRL_1382
005 20190320211157.0
008 090114s1982----gt-ao#####---#000-0#esp-#
041 _aesp
044 _agt
050 4 _aTT848
_b.L67 1982
100 1 _aLópez López, Agustín
_926710
245 1 0 _aTejeduria artesanal, manual
_cAgustín López López.
260 _aGuatemala
_bSub-Centro Regional de Artesanías y Artes Populares
_c1982
300 _axi,162 p.
_bil. (algunas a color), fotografías
_c21 cm.
440 0 _aColección Tierra Adentro
_v2
_926711
500 _aAu1602
500 _aIncluye dedicatoria a Ruth Lechuga
504 _aBiliografía: p. 162-163
650 1 4 _aTejeduría
_zGuatemala
_926712
650 1 4 _aTejido a mano
_zGuatemala
_926533
710 2 _aSub-centro Regional De Artesania Y Artes Populares (guatemala)
_926713
902 _aGRL
942 _2lcc
_cB
999 _c10193
_d10193